Where the winds sleep : man's future on the moon, a projected history /

Saved in:
Bibliographic Details
Main Author: Ruzic, Neil P.
Format: Book
Language:English
Published: Garden City, N.Y., : Doubleday, 1970.
Edition:[1st ed.]
Subjects:
LEADER 00947cam a2200241 a 4500
001 c000281146
003 CARM
005 20080227154216.0
008 700520s1970 nyua 001 0 eng
019 1 |a 467369  |5 LACONCORD2021 
035 |a (OCoLC)73907  |5 LACONCORD2021 
040 |a LC  |b eng  |c LC  |d ANL:NR 
050 0 0 |a TL799.M6  |b R87 
082 0 4 |a 629.45/4 
100 1 |a Ruzic, Neil P. 
245 1 0 |a Where the winds sleep :  |b man's future on the moon, a projected history /  |c [by] Neil P. Ruzic. With a foreword by Wernher von Braun. Illus. by Donald G. Lewis. 
250 |a [1st ed.] 
260 |a Garden City, N.Y., :  |b Doubleday,  |c 1970. 
300 |a xiv, 236 p. :  |b ill. ;  |c 22 cm. 
651 0 |a Moon  |x Exploration. 
852 8 |b CARM  |h A3:AD09B0  |i B11080  |p 0498402  |f BK 
999 f f |i a116904e-7f69-5a57-95ef-aeec5b0326f9  |s b7110d84-6bcf-520f-86a1-82be92e2cfcd 
952 f f |p Can circulate  |a CAVAL  |b CAVAL  |c CAVAL  |d CARM 1 Store  |e B11080  |f A3:AD09B0  |h Other scheme  |i book  |m 0498402